000 00590nam a2200205Ia 4500
005 20210129122151.0
008 131103s9999 xx 000 0 und d
020 _cRs.630
040 _aLoreto College
041 _aEnglish
082 _a954.04
_bKAR
245 _aIndependent India
_b The first fifty years
_cedited by Hiranmay Karlekar
260 _aDelhi
_bOxford University Press
_c1998
300 _aIvii,534 p.
504 _aIncludes bibliographical references
650 _aHistory Of Independent India
700 _aKarlekar,Hiranmay
_4ed.
850 _aLCLIB
942 _cBK
999 _c10009
_d60488